[Event "Harburg-chI 9th"]
[Site "Hamburg"]
[Date "2011.08.20"]
[Round "2"]
[White "Kalauch, Johannes"]
[Black "Fruechtel, Thomas"]
[Result "1-0"]
[WhiteElo "1251"]
[BlackElo "991"]
[PlyCount "117"]
[EventDate "2011.08.19"]
[EventType "tourn"]
[EventRounds "5"]
[EventCountry "GER"]
[SourceTitle "EXT 2012"]
[Source "ChessBase"]
[SourceDate "2011.11.24"]
[SourceVersion "1"]
[SourceVersionDate "2011.11.24"]
[SourceQuality "1"]

1. c4 e5 2. g3 Nf6 3. Bg2 d6 4. Nc3 Bd7 5. Nf3 Bc6 6. d3 Nbd7 7. b4 a6 8. Bb2 Be7 9. 0-0 0-0 10. e4 Rb8 11. b5 axb5 12. cxb5 Bxb5 13. Nxb5 c6 14. Nc3 b5 15. Qb3 Nc5 16. Qc2 Ne6 17. Ne2 Qc7 18. d4 Nd7 19. Rac1 Rfc8 20. Qd2 Qd8 21. h4 f6 22. Rc2 Rb6 23. Rfc1 Ra6 24. a3 h6 25. Bh3 Kf7 26. d5 Nec5 27. Qe3 Rc7 28. Bxd7 Qxd7 29. h5 Qg4 30. Kg2 Qxe4 31. Qxe4 Nxe4 32. dxc6 Nc5 33. Nh4 Nb3 34. Rd1 Rcxc6 35. Rxc6 Rxc6 36. Nc3 Nc5 37. Nf5 Ne6 38. Nxb5 Rb6 39. Nbxd6+ Bxd6 40. Nxd6+ Kg8 41. Nc4 Rb3 42. Kh3 Rf3 43. Rd2 Ng5+ 44. Kg2 Rb3 45. a4 Rb4 46. Rd8+ Kh7 47. Rc8 Rxa4 48. Nd6 Ra7 49. Nf5 g6 50. hxg6+ Kxg6 51. Nh4+ Kg7 52. f4 exf4 53. gxf4 Nf7 54. Bc3 Ra2+ 55. Kg3 h5 56. Rc6 Ra3 57. Kf3 Rb3 58. Ke4 Nd8 59. Bxf6+ 1-0

[Event "Harburg-chJ 8th"]
[Site "Hamburg"]
[Date "2010.08.21"]
[Round "2"]
[White "Buntrock, Jannis"]
[Black "Kalauch, Johannes"]
[Result "0-1"]
[WhiteElo "1041"]
[BlackElo "1334"]
[PlyCount "48"]
[EventDate "2010.08.20"]
[EventType "swiss"]
[EventRounds "5"]
[EventCountry "GER"]
[SourceTitle "EXT 2012"]
[Source "ChessBase"]
[SourceDate "2011.11.24"]
[SourceVersion "1"]
[SourceVersionDate "2011.11.24"]
[SourceQuality "1"]

1. c4 e5 2. g3 Ne7 3. Bg2 g6 4. Nc3 Bg7 5. e3 d6 6. Nge2 Nbc6 7. 0-0 Be6 8. b3 0-0 9. d4 d5 10. cxd5 Nxd5 11. Bb2 exd4 12. exd4 Nce7 13. Qd3 c6 14. Rab1 Nxc3 15. Bxc3 Bf5 16. Be4 Bxe4 17. Qxe4 Nd5 18. Qc2 Re8 19. Rfe1 Qb6 20. Rbd1 Re7 21. Qd2 Rae8 22. Ba5 Qa6 23. a4 Rxe2 24. Rxe2 Rxe2 0-1

[Event "Harburg-chJ 8th"]
[Site "Hamburg"]
[Date "2010.08.20"]
[Round "1"]
[White "Kalauch, Johannes"]
[Black "Skambraks, Torge"]
[Result "1/2-1/2"]
[WhiteElo "1334"]
[BlackElo "1179"]
[PlyCount "54"]
[EventDate "2010.08.20"]
[EventType "swiss"]
[EventRounds "5"]
[EventCountry "GER"]
[SourceTitle "EXT 2012"]
[Source "ChessBase"]
[SourceDate "2011.11.24"]
[SourceVersion "1"]
[SourceVersionDate "2011.11.24"]
[SourceQuality "1"]

1. d4 Nf6 2. Nf3 d5 3. e3 Bf5 4. c4 e6 5. Nc3 Be7 6. cxd5 exd5 7. Qb3 b6 8. Ne5 0-0 9. Be2 c5 10. Bf3 Be6 11. 0-0 Re8 12. dxc5 Qc7 13. Nd3 Bxc5 14. Nxd5 Bxd5 15. Bxd5 Nxd5 16. Qxd5 Nd7 17. b4 Nf6 18. Qf3 Bd6 19. g3 Qc3 20. Bb2 Qxd3 21. Bxf6 gxf6 22. Rad1 Qe4 23. Qxe4 Rxe4 24. Rxd6 Rxb4 25. Rd4 Rb2 26. a4 Rc8 27. Rfd1 Rcc2 1/2-1/2

[Event "Harburg-chI 6th"]
[Site "Hamburg"]
[Date "2008.07.18"]
[Round "1"]
[White "Kalauch, Johannes"]
[Black "Kuehl, Timo"]
[Result "0-1"]
[WhiteElo "1199"]
[BlackElo "1240"]
[PlyCount "90"]
[EventDate "2008.07.18"]
[EventType "tourn"]
[EventRounds "5"]
[EventCountry "GER"]
[SourceTitle "EXT 2009"]
[Source "ChessBase"]
[SourceDate "2008.11.26"]
[SourceVersion "1"]
[SourceVersionDate "2008.11.26"]
[SourceQuality "1"]

1. d4 Nf6 2. Nf3 g6 3. c4 Bg7 4. e3 0-0 5. Be2 d6 6. 0-0 Nbd7 7. Nc3 Re8 8. d5 c6 9. Rb1 cxd5 10. b3 dxc4 11. Bxc4 Ng4 12. Ng5 Nde5 13. Bb5 Bd7 14. Bxd7 Qxd7 15. f4 Nc6 16. Bb2 Bxc3 17. Bxc3 Nxe3 18. Qe1 Nxf1 19. Qh4 h5 20. Rxf1 Qf5 21. Qe1 e5 22. Ne4 Qe6 23. Ng5 Qd7 24. fxe5 Nxe5 25. Bxe5 Rxe5 26. Ne4 Kg7 27. Qc3 Rc8 28. Qd4 Qg4 29. Rxf7+ Kxf7 30. Nxd6+ Kg7 31. Qxe5+ Kh6 32. Qe3+ g5 33. Nf7+ Kg7 34. h3 Qd1+ 35. Kh2 Kxf7 36. Qxg5 Qd6+ 37. Kh1 Rc5 38. Qe3 Rd5 39. Qf4+ Ke7 40. Qe4+ Kd7 41. Qh7+ Kc8 42. Qg8+ Qd8 43. Qe6+ Kb8 44. h4 Qxh4+ 45. Qh3 Qxh3+ 0-1

[Event "Harburg-chI 5th"]
[Site "Hamburg"]
[Date "2007.07.07"]
[Round "3"]
[White "Kalauch, Johannes"]
[Black "Hemp, Oliver"]
[Result "1-0"]
[WhiteElo "1149"]
[BlackElo "1030"]
[PlyCount "61"]
[EventDate "2007.07.06"]
[EventType "swiss"]
[EventRounds "5"]
[EventCountry "GER"]
[SourceTitle "EXT 2008"]
[Source "ChessBase"]
[SourceDate "2007.11.25"]
[SourceVersion "1"]
[SourceVersionDate "2007.11.25"]
[SourceQuality "1"]

1. d4 d5 2. Nf3 Bf5 3. e3 c6 4. Nbd2 e6 5. c4 Nf6 6. Be2 b6 7. 0-0 Be7 8. Nh4 0-0 9. Nxf5 exf5 10. Bd3 g6 11. cxd5 cxd5 12. f3 Nbd7 13. e4 fxe4 14. fxe4 dxe4 15. Nxe4 Nxe4 16. Bxe4 Rc8 17. Bh6 Re8 18. Qb3 Nf6 19. Rad1 Qc7 20. Bd3 Qd7 21. Bb5 Qd5 22. Qxd5 Nxd5 23. Bxe8 Rxe8 24. Rde1 Rc8 25. Re5 Rd8 26. Rfe1 Rd7 27. Rxd5 Rxd5 28. Rxe7 Rd8 29. Rxa7 f5 30. Rg7+ Kh8 31. Rb7 1-0

[Event "Harburg-chI 5th"]
[Site "Hamburg"]
[Date "2007.07.06"]
[Round "1"]
[White "Kalauch, Johannes"]
[Black "Boehme, Matthias"]
[Result "1-0"]
[WhiteElo "1149"]
[BlackElo "842"]
[PlyCount "57"]
[EventDate "2007.07.06"]
[EventType "swiss"]
[EventRounds "5"]
[EventCountry "GER"]
[SourceTitle "EXT 2008"]
[Source "ChessBase"]
[SourceDate "2007.11.25"]
[SourceVersion "1"]
[SourceVersionDate "2007.11.25"]
[SourceQuality "1"]

1. d4 e5 2. dxe5 Nc6 3. Nf3 Qe7 4. Bg5 Qb4+ 5. Nbd2 Bc5 6. a3 Qb6 7. e3 Nge7 8. Nc4 Bb4+ 9. axb4 Qxb4+ 10. c3 Qc5 11. b4 Qd5 12. b5 Qxd1+ 13. Rxd1 Nd8 14. Nd4 a5 15. b6 c5 16. Nd6+ Kf8 17. Bxe7+ Kxe7 18. N4f5+ Kf8 19. Bb5 Ne6 20. Nxc8 Rxc8 21. Rxd7 g6 22. Nd6 Rd8 23. Rxf7+ Kg8 24. Re7 Ng5 25. Bc4+ Kf8 26. Rxb7 Rg8 27. h4 a4 28. hxg5 a3 29. Rf7# 1-0